Fr. Conceicao Rodrigues College of Engineering

Markstamps Information Security (Record no. 30168)

MARC details
000 -LEADER
fixed length control field 00379nam a2200169Ia 4500
082 ## - DEWEY DECIMAL CLASSIFICATION NUMBER
Classification number 5.8
Item number SHA
100 ## - MAIN ENTRY--PERSONAL NAME
Personal name Shah/Deven N
245 ## - TITLE STATEMENT
Title Markstamps Information Security
260 ## - PUBLICATION, DISTRIBUTION, ETC.
Name of publisher, distributor, etc. Wiley India
Date of publication, distribution, etc. 2009
366 ## - TRADE AVAILABILITY INFORMATION
Publishers's discount category 25
300 ## - PHYSICAL DESCRIPTION
Extent 443
546 ## - LANGUAGE NOTE
Language note ENGLISH
-- electronics
650 ## - SUBJECT ADDED ENTRY--TOPICAL TERM
Topical term or geographic name entry element Information security
654 ## - SUBJECT ADDED ENTRY--FACETED TOPICAL TERMS
Focus term information security
942 ## - ADDED ENTRY ELEMENTS (KOHA)
Koha item type BOOK
Holdings
Withdrawn status Lost status Damaged status Not for loan Collection Home library Current library Date acquired Source of acquisition Cost, normal purchase price Inventory number Total Checkouts Full call number Barcode Date last seen Cost, replacement price Price effective from Koha item type Date last checked out
        CRC Fr. Agnel's C.Rodrigues College of Engineering AGNEL TECHNICAL COLLEGE LIBRARY 17/03/2023 Allied Publishers 276.75 2371 dt 23/09/2010 1 5.8 SHA 21090 26/03/2024 369.00   BOOK 12/06/2023
        CRC Fr. Agnel's C.Rodrigues College of Engineering Fr. Agnel's C.Rodrigues College of Engineering 17/03/2023 Allied Publishers 276.75 2371 dt 23/09/2010   5.8 SHA 21088 17/03/2023 369.00   BOOK  
        CRC Fr. Agnel's C.Rodrigues College of Engineering Fr. Agnel's C.Rodrigues College of Engineering 17/03/2023 Allied Publishers 276.75 2371 dt 23/09/2010   5.8 SHA 21089 17/03/2023 369.00   BOOK  
        CRC Fr. Agnel's C.Rodrigues College of Engineering Fr. Agnel's C.Rodrigues College of Engineering 17/03/2023 Allied Publishers 276.75 2371 dt 23/09/2010   5.8 SHA 21091 17/03/2023 369.00   BOOK  
        CRC Fr. Agnel's C.Rodrigues College of Engineering Fr. Agnel's C.Rodrigues College of Engineering 17/03/2023 Allied Publishers 276.75 2371 dt 23/09/2010   5.8 SHA 21092 17/03/2023 369.00   BOOK